00963nam a2200277Ia 4500001000900000003000500009005001700014008004100031010001100072040000900083082002100092100003500113245008300148260007900231300001000310504002600320590002200346650004100368650002500409901002100434902000600455905006300461942001500524999001900539952012700558dia_1121CHAP20230120103220.0220117s1973 xx 000 0 und d a171668 cCHAP a378.199 L67 1973 aLópez Rubio, Armando9141783 aAlgunas consideraciones sobre los Viajes de Estudio /c Armando López Rubio aChapingo, México :b ENA. Departamento de Industrias Agrícolas,c1973 a26 h. aBibliografía: p. 12 aLB2361.6 L67 1973 aUniversidadesxCurrícula 9150083 0aUniversities9150084 a378.199 L67 1973 aM a5232271973 MX n 8223223322SPA16 cLIBRO2ddc c171668d171668 00102ddc40708GRALaIA_bIA_d2022-01-18f1l0o378.199 L67 1973pdia_000657r2022-01-18 00:00:00t1w2022-01-18yLIBRO